[Event "SA-2020-0-00730"]
[Site "LSS email"]
[Date "2020.08.01"]
[Round "?"]
[White "Eide, John Henning"]
[Black "Avellan, Fernando"]
[Result "0-1"]
[WhiteElo "2037"]
[BlackElo "2000"]
[PlyCount "48"]
[EventDate "2020.07.01"]
[EventType "tourn (corr)"]
[EventRounds "6"]
[EventCountry "GER"]
[SourceTitle "Corr 2022"]
[Source "ChessBase"]
[SourceDate "2021.10.24"]
[SourceVersion "1"]
[SourceVersionDate "2021.10.24"]
[SourceQuality "1"]

1. Nf3 d5 2. d4 Nf6 3. c4 c6 4. cxd5 cxd5 5. Nc3 a6 6. Ne5 e6 7. Bf4 Qb6 8. a3 Bd7 9. Nxd7 Nbxd7 10. e3 Rc8 11. Na4 Qc6 12. Bd3 Bd6 13. Bxd6 Qxd6 14. 0-0 Rc7 15. b4 0-0 16. Rc1 Rfc8 17. Qd2 Nb8 18. Nc5 Qe7 19. Qb2 h6 20. h3 Ne8 21. Rfd1 Rd8 22. Rd2 Rdc8 23. Rdc2 Nd6 24. a4 Nc6 0-1

[Event "SA-2020-0-00730"]
[Site "LSS email"]
[Date "2020.08.01"]
[Round "?"]
[White "Van Gysel, Marc"]
[Black "Eide, John Henning"]
[Result "1-0"]
[WhiteElo "2080"]
[BlackElo "2037"]
[PlyCount "45"]
[EventDate "2020.07.01"]
[EventType "tourn (corr)"]
[EventRounds "6"]
[EventCountry "GER"]
[SourceTitle "Corr 2022"]
[Source "ChessBase"]
[SourceDate "2021.10.24"]
[SourceVersion "1"]
[SourceVersionDate "2021.10.24"]
[SourceQuality "1"]

1. d4 Nf6 2. Nf3 d5 3. Bf4 c5 4. e3 cxd4 5. exd4 Nc6 6. Nbd2 h6 7. Bb5 g5 8. Bg3 Bg7 9. c3 Qb6 10. a4 Bf5 11. Qb3 0-0 12. h3 Na5 13. Qa2 Qe6+ 14. Ne5 Nh5 15. 0-0 Nxg3 16. fxg3 Bh7 17. Rfe1 Qd6 18. Qa3 Qxa3 19. Rxa3 a6 20. Bd7 Rfd8 21. Bg4 e6 22. Bh5 Rf8 23. h4 1-0

[Event "CP-2018-Q-00007"]
[Site "LSS email"]
[Date "2018.11.28"]
[Round "?"]
[White "Eide, John Henning"]
[Black "Salzmann, Stefan"]
[Result "1/2-1/2"]
[WhiteElo "2123"]
[BlackElo "2222"]
[PlyCount "65"]
[EventDate "2018.12.01"]
[EventType "tourn (corr)"]
[EventRounds "6"]
[EventCountry "GER"]
[SourceTitle "Corr 2022"]
[Source "ChessBase"]
[SourceDate "2021.10.24"]
[SourceVersion "1"]
[SourceVersionDate "2021.10.24"]
[SourceQuality "1"]

1. Nf3 Nf6 2. g3 d5 3. Bg2 c5 4. 0-0 e6 5. c4 d4 6. e3 Nc6 7. exd4 cxd4 8. d3 Bd6 9. a3 a5 10. Bg5 h6 11. Bxf6 Qxf6 12. Nbd2 Qe7 13. Re1 0-0 14. Nb3 Qf6 15. c5 Bc7 16. Nbd2 Qe7 17. Rc1 Rd8 18. Rc4 e5 19. b4 axb4 20. axb4 Ra3 21. Qc1 Rxd3 22. Bf1 Rxd2 23. Nxd2 Be6 24. b5 Bxc4 25. Nxc4 Nb4 26. b6 Bb8 27. Na5 Rc8 28. Nb3 Qd7 29. Qc4 Nc6 30. Bg2 Kf8 31. Qb5 f5 32. Bxc6 bxc6 33. Qd3 1/2-1/2

[Event "CP-2018-Q-00007"]
[Site "LSS email"]
[Date "2018.11.28"]
[Round "?"]
[White "Hoge, Kai Uwe"]
[Black "Eide, John Henning"]
[Result "1-0"]
[WhiteElo "2142"]
[BlackElo "2123"]
[PlyCount "65"]
[EventDate "2018.12.01"]
[EventType "tourn (corr)"]
[EventRounds "6"]
[EventCountry "GER"]
[SourceTitle "Corr 2022"]
[Source "ChessBase"]
[SourceDate "2021.10.24"]
[SourceVersion "1"]
[SourceVersionDate "2021.10.24"]
[SourceQuality "1"]

1. c4 c5 2. Nf3 Nf6 3. Nc3 d5 4. cxd5 Nxd5 5. e3 e6 6. Bc4 Be7 7. 0-0 0-0 8. d4 cxd4 9. exd4 Nc6 10. Re1 Bf6 11. Ne4 b6 12. Nxf6+ Nxf6 13. b3 Bb7 14. Ba3 Re8 15. Qd2 Rc8 16. Rac1 a6 17. Bd3 Qd5 18. Bc4 Qd7 19. Red1 Ne7 20. Ne5 Qd8 21. Bd3 Qd5 22. Bf1 Nf5 23. Qb4 Qd8 24. Rc4 Nd5 25. Qd2 h6 26. Be2 Nf6 27. Bf1 a5 28. Rdc1 Rxc4 29. bxc4 Nxd4 30. Rd1 Nc6 31. Nd7 Bc8 32. Nxf6+ Qxf6 33. Qe3 1-0

[Event "CP-2018-Q-00007"]
[Site "LSS email"]
[Date "2018.11.28"]
[Round "?"]
[White "Zolendowski, Cesary"]
[Black "Eide, John Henning"]
[Result "1-0"]
[WhiteElo "2323"]
[BlackElo "2123"]
[PlyCount "41"]
[EventDate "2018.12.01"]
[EventType "tourn (corr)"]
[EventRounds "6"]
[EventCountry "GER"]
[SourceTitle "Corr 2022"]
[Source "ChessBase"]
[SourceDate "2021.10.24"]
[SourceVersion "1"]
[SourceVersionDate "2021.10.24"]
[SourceQuality "1"]

1. e4 e6 2. d4 d5 3. e5 Bd7 4. Be3 Ne7 5. Bd3 c5 6. dxc5 Nbc6 7. Nf3 Ng6 8. 0-0 Ncxe5 9. Nxe5 Nxe5 10. Re1 Qh4 11. g3 Qb4 12. Bd2 Qg4 13. Qxg4 Nxg4 14. h3 Nf6 15. Be3 Be7 16. Nd2 0-0 17. a3 Rfd8 18. Bd4 Rac8 19. b4 Ba4 20. Rac1 Nd7 21. Nf3 1-0

[Event "CP-2018-P-00025"]
[Site "LSS email"]
[Date "2018.09.27"]
[Round "?"]
[White "Eide, John Henning"]
[Black "Almeraya, Eduardo"]
[Result "0-1"]
[WhiteElo "2111"]
[BlackElo "2264"]
[PlyCount "114"]
[EventDate "2018.10.01"]
[EventType "tourn (corr)"]
[EventRounds "6"]
[EventCountry "GER"]
[SourceTitle "Corr 2022"]
[Source "ChessBase"]
[SourceDate "2021.10.24"]
[SourceVersion "1"]
[SourceVersionDate "2021.10.24"]
[SourceQuality "1"]

1. e4 c5 2. Nc3 Nc6 3. Nf3 e6 4. d4 cxd4 5. Nxd4 Qc7 6. g3 a6 7. Bg2 Nf6 8. 0-0 Be7 9. Re1 0-0 10. Nxc6 dxc6 11. e5 Rd8 12. Qf3 Nd5 13. h4 Bd7 14. Qg4 Kh8 15. Bg5 Be8 16. a3 Nxc3 17. bxc3 a5 18. Be4 h6 19. Kg2 Rd7 20. a4 Rc8 21. Bf4 b5 22. Qf3 Qd8 23. Bd3 bxa4 24. Qe4 Rxd3 25. Qxd3 Qb6 26. Rab1 Qa7 27. Qe2 c5 28. g4 Bxh4 29. Rh1 Qe7 30. Qa6 Rd8 31. Rb7 Rd7 32. Rb8 Kh7 33. Qxa5 f5 34. Rxe8 Qxe8 35. Rxh4 Qe7 36. Rh1 Ra7 37. Qb5 a3 38. gxf5 exf5 39. f3 a2 40. Ra1 Qh4 41. Bg3 Qg5 42. Qd3 c4 43. Qd4 Ra6 44. Kf2 Qg6 45. Bf4 Qc6 46. Be3 Qa4 47. Qd1 h5 48. Qc1 h4 49. Kg2 Rg6+ 50. Bg5 Qb5 51. Kh3 Qb7 52. Qf4 Qb1 53. Qxh4+ Kg8 54. Qxc4+ Kh7 55. Qh4+ Kg8 56. Qc4+ Kh7 57. Qxa2 Qxa2 0-1

[Event "CP-2018-P-00025"]
[Site "LSS email"]
[Date "2018.09.27"]
[Round "?"]
[White "Van Bommel, Ton"]
[Black "Eide, John Henning"]
[Result "1-0"]
[WhiteElo "2159"]
[BlackElo "2111"]
[PlyCount "97"]
[EventDate "2018.10.01"]
[EventType "tourn (corr)"]
[EventRounds "6"]
[EventCountry "GER"]
[SourceTitle "Corr 2022"]
[Source "ChessBase"]
[SourceDate "2021.10.24"]
[SourceVersion "1"]
[SourceVersionDate "2021.10.24"]
[SourceQuality "1"]

1. e4 e6 2. c3 d5 3. e5 Bd7 4. b4 b6 5. d4 c5 6. a3 Ne7 7. Nf3 a5 8. b5 a4 9. dxc5 bxc5 10. c4 Bc8 11. cxd5 Nxd5 12. Bd3 h6 13. Qc2 Bb7 14. 0-0 Be7 15. Nbd2 Nd7 16. Nc4 N5b6 17. Nfd2 0-0 18. f4 Bd5 19. Rb1 Qc7 20. Bb2 Nxc4 21. Nxc4 Nb6 22. f5 exf5 23. Rxf5 Rad8 24. Rff1 Be6 25. Be2 Nxc4 26. Bxc4 Qb7 27. h3 Bxc4 28. Qxc4 Rd2 29. Rf3 Qd5 30. Qxd5 Rxd5 31. Bc3 c4 32. Rf4 Bxa3 33. b6 Rb8 34. Kh2 Rb7 35. Rxc4 Bc5 36. Rxa4 Rxb6 37. Rf1 Rd7 38. Rf3 Rb1 39. Kg3 Rb6 40. h4 h5 41. Rc4 Rc7 42. Kh3 Rb1 43. g3 Bb6 44. Rxc7 Bxc7 45. Rf4 Rb5 46. Re4 Rc5 47. Re3 Rc4 48. Ba1 Rc6 49. Rc3 1-0

[Event "LSS No Engine Cup 172 Final"]
[Site "LSS email"]
[Date "2018.05.28"]
[Round "?"]
[White "Eide, John Henning"]
[Black "Hoehne, Micha"]
[Result "1-0"]
[WhiteElo "2176"]
[BlackElo "1834"]
[PlyCount "111"]
[EventDate "2018.05.29"]
[EventType "tourn (corr)"]
[EventRounds "6"]
[EventCountry "GER"]
[SourceTitle "Corr 2022"]
[Source "ChessBase"]
[SourceDate "2021.10.24"]
[SourceVersion "1"]
[SourceVersionDate "2021.10.24"]
[SourceQuality "1"]

1. e4 e5 2. Nf3 Nc6 3. Bb5 Nf6 4. d3 Bc5 5. Bxc6 dxc6 6. Nbd2 Be6 7. 0-0 Bd6 8. b3 0-0 9. Nc4 Nd7 10. Na5 Bb4 11. Bd2 Bxa5 12. Bxa5 c5 13. Bc3 f6 14. Nh4 g5 15. Nf5 Bxf5 16. exf5 Nb6 17. h4 h6 18. Qg4 Qd7 19. f3 Rae8 20. Kf2 Nd5 21. Bb2 c6 22. Rh1 Re7 23. g3 Rh7 24. a3 b6 25. Rh3 Ne7 26. Qc4+ Nd5 27. Qe4 Ne7 28. g4 Nd5 29. Rah1 Rff7 30. Kf1 Qd6 31. Bc1 Nc3 32. Qc4 Nd5 33. Qa6 Qb8 34. R3h2 Qb7 35. Qa4 a5 36. Qc4 Rfg7 37. Ke2 Qf7 38. Bd2 Nc7 39. Be3 Nd5 40. Qa6 Qb7 41. Qc4 Qf7 42. Kd2 Qf8 43. Qe4 Ra7 44. Bf2 Qa8 45. hxg5 hxg5 46. f4 Nxf4 47. Bg3 Nd5 48. c4 Rxh2+ 49. Rxh2 Rh7 50. Rxh7 Kxh7 51. Bxe5 fxe5 52. cxd5 cxd5 53. Qxe5 Qd8 54. Qe6 Qc7 55. Qg6+ Kh8 56. Qh5+ 1-0

[Event "LSS No Engine Cup 172 Final"]
[Site "LSS email"]
[Date "2018.05.28"]
[Round "?"]
[White "Eide, John Henning"]
[Black "Vogel, Helmut"]
[Result "1-0"]
[WhiteElo "2176"]
[BlackElo "1913"]
[PlyCount "35"]
[EventDate "2018.05.29"]
[EventType "tourn (corr)"]
[EventRounds "6"]
[EventCountry "GER"]
[SourceTitle "Corr 2022"]
[Source "ChessBase"]
[SourceDate "2021.10.24"]
[SourceVersion "1"]
[SourceVersionDate "2021.10.24"]
[SourceQuality "1"]

1. e4 e5 2. Nf3 Nc6 3. Bb5 a6 4. Ba4 Nf6 5. 0-0 Be7 6. Bxc6 dxc6 7. d3 Bg4 8. Be3 Bh5 9. Re1 Qd6 10. a4 0-0 11. h3 Bxf3 12. Qxf3 Qb4 13. Nd2 Qxb2 14. Qe2 Qc3 15. Reb1 Qxc2 16. Rc1 Qb2 17. Rcb1 Qc3 18. Ra2 1-0

[Event "WC-2018-P-00010"]
[Site "LSS email"]
[Date "2018.01.22"]
[Round "?"]
[White "Mauro, Lucio"]
[Black "Eide, John Henning"]
[Result "1-0"]
[WhiteElo "2233"]
[BlackElo "1958"]
[PlyCount "81"]
[EventDate "2018.02.01"]
[EventType "tourn (corr)"]
[EventRounds "12"]
[EventCountry "GER"]
[SourceTitle "Corr 2022"]
[Source "ChessBase"]
[SourceDate "2021.10.24"]
[SourceVersion "1"]
[SourceVersionDate "2021.10.24"]
[SourceQuality "1"]

1. e4 c5 2. Nf3 d6 3. d4 cxd4 4. Nxd4 Nf6 5. Nc3 a6 6. Be3 e6 7. f3 b5 8. Qd2 Nbd7 9. g4 h6 10. 0-0-0 Bb7 11. h4 b4 12. Na4 Qa5 13. b3 Nc5 14. a3 Nxa4 15. axb4 Qc7 16. bxa4 d5 17. e5 Nd7 18. f4 Bc8 19. Kb2 Rb8 20. c3 Nc5 21. Ra1 Bd7 22. a5 Ne4 23. Qc2 Qb7 24. Ra3 Rc8 25. Qd3 Rc4 26. Bg2 Rc8 27. Bxe4 dxe4 28. Qe2 Be7 29. Rb3 0-0 30. Ra1 Kh7 31. g5 Rg8 32. b5 axb5 33. a6 Qa8 34. Nxb5 Bxb5 35. Qxb5 Rb8 36. Qa5 Rxb3+ 37. Kxb3 Rc8 38. a7 hxg5 39. fxg5 Qc6 40. Ra4 Qd7 41. Rd4 1-0